|
|
|
|
| LEADER |
01471nam a2200385 a 4500 |
| 001 |
EBC471889 |
| 003 |
MiAaPQ |
| 005 |
20200520144314.0 |
| 006 |
m o d | |
| 007 |
cr cn||||||||| |
| 008 |
080409s2008 ilua sb 001 0 eng |
| 010 |
|
|
|z 2008016093
|
| 015 |
|
|
|a GBA8B3979
|2 bnb
|
| 016 |
7 |
|
|z 014765281
|2 Uk
|
| 020 |
|
|
|z 0226497097 (cloth : alk. paper)
|
| 020 |
|
|
|z 9780226497099 (cloth : alk. paper)
|
| 035 |
|
|
|a (MiAaPQ)EBC471889
|
| 035 |
|
|
|a (Au-PeEL)EBL471889
|
| 035 |
|
|
|a (CaPaEBR)ebr10343452
|
| 035 |
|
|
|a (CaONFJC)MIL242669
|
| 035 |
|
|
|a (OCoLC)489133602
|
| 040 |
|
|
|a MiAaPQ
|c MiAaPQ
|d MiAaPQ
|
| 050 |
|
4 |
|a HC79.S3
|b O94 2008
|
| 082 |
0 |
4 |
|a 332.6
|2 22
|
| 245 |
0 |
0 |
|a Overcoming the saving slump
|h [electronic resource] :
|b how to increase the effectiveness of financial education and saving programs /
|c edited by Annamaria Lusardi.
|
| 260 |
|
|
|a Chicago :
|b University of Chicago Press,
|c 2008.
|
| 300 |
|
|
|a x, 395 p. :
|b ill.
|
| 504 |
|
|
|a Includes bibliographical references and indexes.
|
| 533 |
|
|
|a Electronic reproduction. Ann Arbor, MI : ProQuest, 2015. Available via World Wide Web. Access may be limited to ProQuest affiliated libraries.
|
| 650 |
|
0 |
|a Saving and investment.
|
| 650 |
|
0 |
|a Finance, Personal
|x Study and teaching.
|
| 655 |
|
4 |
|a Electronic books.
|
| 700 |
1 |
|
|a Lusardi, Annamaria.
|
| 710 |
2 |
|
|a ProQuest (Firm)
|
| 856 |
4 |
0 |
|u https://ebookcentral.proquest.com/lib/matrademy/detail.action?docID=471889
|z Click to View
|